00453nam a2200145Ia 4500008004100000100001700041245005800058260002200116300001000138650001300148650002000161942000700181999001700188952010200205220216s9999 xx 000 0 und d aLong Ong Eng 0aIntegrated rubber industry will be viable in Malaysia bRubber Asiac2000 a52-55 aMalaysia aRubber industry cJS c61475d61475 00104078aMAINbMAINc2d2021-12-17hVolume 14, Issue 3l0r2021-12-17 00:00:00w2022-02-16yJS